000 00643nam a2200253Ia 4500
003 OSt
005 20221007082618.0
006 a|||||r|||| 00| 0
007 ta
008 221006b |||||||| |||| 00| 0 eng d
020 _a9781107590175
024 _a45,048
037 _cTextual
040 _aFLL
_cFLL
_beng
041 _2eng
_aeng
082 _aZ1,5,8, Q7
100 _aSCHABAS William A.
_9695449
245 0 _aIntroduction to the international criminal court
250 _a5th
260 _c2017
300 _axiv,598p.
_ccm.
942 _hZ1,5,8, Q7
_cTEXL
_2CC
999 _c1167068
_d1167068